00516nam a2200169Ia 450000500170000000800410001708200130005810000140007124500740008525000090015926000280016830000110019665000210020794200060022895200970023499900150033120250108023300.0240331s9999 xx 000 0 und d bBHAa362 aBhasin, K 0aIf only someone had broken the Silence :bsexual violence on children a1st  aNew Delhic2003bSANGAT a26 p., aSexual Violence  cL 001040708LaWERCLbWERCLcSSCd2024-03-31l0o 362.3 BHAp1930r2024-03-31w2024-03-31yL c2878d2878